01115cam a2200241 a 450000100100000000500170001000800410002702000240006804000250009208200170011710000370013424500910017126001620026230000330042444000450045750400530050265000320055565000410058771000720062891000300070095201280073099900150085800000240220200929150207.0850709s1984 waua b i001 0 spa  a0827020163 (pbk.) : aDO-SdBNPbspacBNPHU a591.5bV393e1 aVaz-Ferreira, Raul,d1918-9762310aEtología :bel estudio biológico del comportamiento animal /cRaúl Vaz-Ferreira. aWashington, D.C. :bSecretaría General de la Organización de los Estados Americanos. Programa Regional de Desarrollo Científico y Tecnológico,c1984. avii, 150 p. :bil. ;c23 cm. 0aBiología ;pMonografíavno. 2997624 aIncluye referencias bibliográfica: p. 131-145. 4aComportamiento animal97625 4aAnimalesxHábitos y conducta976262 aPrograma Regional de Desarrollo Científico y Tecnológico.97627 aJornada de catalogación 001052708MOaGRbGRcHDd2009-07-23e002344iLF1l0o591.5 V393ep2402-10r2020-06-25w2020-06-25y2ZPréstamo interno c2239d2239